| 000 | 00297 a2200097 4500 | ||
|---|---|---|---|
| 082 | _a363.125 HIL | ||
| 100 | _aHill, J P | ||
| 245 |
_aPublished Project Report PPR056: The innovatory analysis of road traffic accident data / _cJ P Hill |
||
| 260 |
_bTRL Limited, _c2004 |
||
| 300 |
_a34P. : _bill. ; _c30 cm |
||
| 650 | _aRoad Traffic | ||
| 999 |
_c2225 _d2225 |
||